Autobiography : The Story Of My Experiments With Truth (Record no. 18803)

MARC details
000 -LEADER
fixed length control field 00366nam a2200133Ia 4500
008 - FIXED-LENGTH DATA ELEMENTS--GENERAL INFORMATION
fixed length control field 220803s9999 xx 000 0 und d
020 ## - INTERNATIONAL STANDARD BOOK NUMBER
International Standard Book Number 817229008x
041 ## - LANGUAGE CODE
Language code of text/sound track or separate title eng
082 ## - DEWEY DECIMAL CLASSIFICATION NUMBER
Classification number 823 GAN
100 ## - MAIN ENTRY--PERSONAL NAME
Personal name Gandhi M K
9 (RLIN) 29965
245 ## - TITLE STATEMENT
Title Autobiography : The Story Of My Experiments With Truth
260 ## - PUBLICATION, DISTRIBUTION, ETC. (IMPRINT)
Place of publication, distribution, etc. Ahmedabad
Name of publisher, distributor, etc. Navajivan Publishing House
Date of publication, distribution, etc. 2004
300 ## - PHYSICAL DESCRIPTION
Extent 464p
Holdings
Withdrawn status Lost status Damaged status Not for loan Home library Current library Date acquired Vendor Cost, normal purchase price Total Checkouts Full call number Barcode Date last seen Date last checked out Bill Date Koha item type Original Barcode
        Dr. Bhanuben Nanavati College of Architecture Dr. Bhanuben Nanavati College of Architecture 21/06/2017 BNCA 30.00 1 823 GAN BNCA-DB-1537 10/02/2023 10/02/2023 03/08/2022 Donated Book DB001537